Fundamentals of Human Resource Management (Record no. 3604)

MARC details
005 - DATE AND TIME OF LATEST TRANSACTION
control field 20250610122805.0
020 ## - INTERNATIONAL STANDARD BOOK NUMBER
International Standard Book Number 9781119803744
082 ## - DEWEY DECIMAL CLASSIFICATION NUMBER
Classification number 658.3 VER
100 ## - MAIN ENTRY--PERSONAL NAME
Author name VERHULST, S. L.
245 ## - TITLE STATEMENT
Title Fundamentals of Human Resource Management
250 ## - EDITION STATEMENT
Edition statement 14th Ed.
260 ## - PUBLICATION, DISTRIBUTION, ETC.
Place of publication, distribution, etc. Hoboken,
Name of publisher, distributor, etc. Wiley,
Date of publication, distribution, etc. 2022.
300 ## - PHYSICAL DESCRIPTION
Extent xxxvii, 453p.: ill.; picture, table,
Other physical details Glossary, index,
Dimensions 25cm.
700 ## - ADDED ENTRY--PERSONAL NAME
Other authors/Editors DeCENZO, D. A.
856 ## - ELECTRONIC LOCATION AND ACCESS
Link text Access Online Book
Electronic name Fundamentals of Human Resource Management
Path www.wiley.com
942 ## - ADDED ENTRY ELEMENTS (KOHA)
Source of classification or shelving scheme Dewey Decimal Classification
Koha item type Books
Holdings
Date last seen Total checkouts Full call number Barcode Cost, replacement price Price effective from Koha item type Lost status Source of classification or shelving scheme Damaged status Not for loan Withdrawn status Home library Current library Shelving location Date acquired Cost, normal purchase price
06/10/2025   658.3 VER 00000011514 999999.99 06/10/2025 Books   Dewey Decimal Classification       College of Business Education Main Library College of Business Education Main Library General Collection 09/17/2024 402468.38
06/10/2025   658.3 VER 00000011515 999999.99 06/10/2025 Books   Dewey Decimal Classification       College of Business Education Main Library College of Business Education Main Library General Collection 09/17/2024 402468.38
06/10/2025   658.3 VER 00000011516 999999.99 06/10/2025 Books   Dewey Decimal Classification       College of Business Education Main Library College of Business Education Main Library General Collection 09/17/2024 402468.38
06/10/2025   658.3 VER 00000011517 999999.99 06/10/2025 Books   Dewey Decimal Classification       College of Business Education Main Library College of Business Education Main Library General Collection 09/17/2024 402468.38
06/10/2025   658.3 VER 00000011518 999999.99 06/10/2025 Books   Dewey Decimal Classification       College of Business Education Main Library College of Business Education Main Library General Collection 09/17/2024 402468.38